Biblia Hebraica / (Registro nro. 57177)
[ vista simple ]
| 000 -LEADER | |
|---|---|
| campo de control de longitud fija | 01446cam a22003734i 4500 |
| 003 - IDENTIFICADOR DE NÚMERO DE CONTROL | |
| campo de control | PE-LiUPU |
| 005 - FECHA Y HORA DE LA ÚLTIMA TRANSACCIÓN | |
| campo de control | 20250818102754.0 |
| 008 - DATOS DE LONGITUD FIJA--INFORMACIÓN GENERAL | |
| campo de control de longitud fija | 1971 s1971 gw rb 000 0 heb d |
| 035 ## - NÚMERO DE CONTROL DEL SISTEMA | |
| Número de control de sistema | PE-LiUPU000423 |
| 040 ## - FUENTE DE CATALOGACIÓN | |
| Centro catalogador/agencia de origen | PE-LiUPU |
| Lengua de catalogación | spa |
| Centro/agencia transcriptor | PE-LiUPU |
| Normas de descripción | rda |
| 041 0# - CÓDIGO DE IDIOMA | |
| Código de lengua del texto/banda sonora o título independiente | heb |
| 082 04 - NÚMERO DE LA CLASIFICACIÓN DECIMAL DEWEY | |
| Número de clasificación | 221.41 |
| Cutter | K62b |
| Número de edición | 23 |
| 100 ## - ENTRADA PRINCIPAL--NOMBRE DE PERSONA | |
| Nombre de persona | Kittel, Rudolf, |
| Término indicativo de función/relación | editor. |
| 9 (RLIN) | 6590 |
| 245 10 - MENCIÓN DEL TÍTULO | |
| Título | Biblia Hebraica / |
| Mención de responsabilidad, etc. | editado por Rudolf Kittel |
| 250 ## - MENCION DE EDICION | |
| Mención de edición | Editio decima sexta emendata typis editionis septimae expressa. |
| 264 #1 - PRODUCCIÓN, PUBLICACIÓN, DISTRIBUCIÓN, FABRICACIÓN Y COPYRIGHT | |
| Producción, publicación, distribución, fabricación y copyright | Stuttgart : |
| Nombre del de productor, editor, distribuidor, fabricante | Württembergische Bibelanstalt, |
| Fecha de producción, publicación, distribución, fabricación o copyright | 1971. |
| 300 ## - DESCRIPCIÓN FÍSICA | |
| Extensión | 1434 páginas ; |
| Dimensiones | 25 cm |
| 336 ## - TIPO DE CONTENIDO | |
| Término de tipo de contenido | text |
| Fuente | rdacontent |
| 337 ## - TIPO DE MEDIO | |
| Nombre/término del tipo de medio | unmediated |
| Fuente | rdamedia |
| 338 ## - TIPO DE SOPORTE | |
| Nombre/término del tipo de soporte | volume |
| Fuente | rdacarrier |
| 500 ## - NOTA GENERAL | |
| Nota general | Texto íntegro del Antiguo Testamento en hebreo con signos masoréticos. |
| 500 ## - NOTA GENERAL | |
| Nota general | Compilación y edición original de 1937; reimpresión completa realizada en 1971. |
| 500 ## - NOTA GENERAL | |
| Nota general | Incluye introducciones por libro en latín. Sin traducción ni comentarios en otros idiomas. |
| 546 ## - NOTA DE IDIOMA | |
| Nota de lengua/lenguaje | Texto en hebreo; introducciones en latín. |
| 650 18 - PUNTO DE ACCESO ADICIONAL DE MATERIA--TÉRMINO DE MATERIA | |
| Término de materia o nombre geográfico como elemento de entrada | Biblia. |
| 650 18 - PUNTO DE ACCESO ADICIONAL DE MATERIA--TÉRMINO DE MATERIA | |
| Término de materia o nombre geográfico como elemento de entrada | Biblia. |
| Subdivisión general | Crítica textual. |
| 700 ## - ENTRADA AGREGADA--NOMBRE PERSONAL | |
| Nombre de persona | Kahle, Paul, |
| Término indicativo de función/relación | editor. |
| 9 (RLIN) | 6633 |
| 700 ## - ENTRADA AGREGADA--NOMBRE PERSONAL | |
| Nombre de persona | Alt, Albrecht, |
| Término indicativo de función/relación | editor. |
| 9 (RLIN) | 6634 |
| 700 ## - ENTRADA AGREGADA--NOMBRE PERSONAL | |
| Nombre de persona | Eissfeldt, Otto, |
| Término indicativo de función/relación | editor. |
| 9 (RLIN) | 6635 |
| 710 ## - ENTRADA AGREGADA--NOMBRE DE ENTIDAD CORPORATIVA | |
| Nombre de entidad corporativa o nombre de jurisdicción como elemento de entrada | Württembergische Bibelanstalt, |
| Término indicativo de función/relación | editor. |
| 9 (RLIN) | 6636 |
| 942 ## - ELEMENTOS DE ENTRADA SECUNDARIOS (KOHA) | |
| Fuente del sistema de clasificación o colocación | Clasificación Decimal Dewey |
| Tipo de ítem Koha | Libros físicos |
| 980 ## - EQUIVALENCIA O REFERENCIA-CRUZADA-MENCIÓN DE SERIE--NOMBRE DE PERSONA/TÍTULO [LOCAL, CANADÁ] | |
| ID del último usuario que modificó el registro | 21515 |
| Nombre del último usuario que modificó el registro | ROMINA COBOS Adquisiciones |
| Visto por última vez | Número de inventario | Total de préstamos | Signatura topográfica completa | Código de barras | Fecha del último préstamo | Copia número | Coste, precio de reemplazo | Fecha de reemplazo | Facultad | Tipo de ítem Koha | Nota pública | Estado de pérdida | Fuente del sistema de clasificación o colocación | Restricciones de uso | No para préstamo | Colección | Programa académico | Estatus retirado | Biblioteca de origen | Biblioteca actual | Ubicación en estantería | Fecha de adquisición | Fuente de adquisición | Coste, precio normal de compra |
|---|---|---|---|---|---|---|---|---|---|---|---|---|---|---|---|---|---|---|---|---|---|---|---|---|
| 2025-12-02 | 6 | 59 | 221.4 K62b | 15591 | 2025-03-27 | e1 | 18.99 | 2015-06-16 | Teología | Libros físicos | inventario-2023-12-13 | No Perdido | Clasificación Decimal Dewey | No restringido | Disponible para préstamos | Colección General | Teología | No retirado | Biblioteca CRAI UPeU Lima | Biblioteca CRAI UPeU Lima | Sala principal | 2015-06-16 | COMPRA | 13.99 |